Song Lyrics Lindemann - Platz Eins - Statistics

General Stats
  • This quiz has been taken 17 times
  • The average score is 147 of 181
Answer Stats
Answer % Correct
ein
100%
Alle
91%
alle
91%
alles
91%
Alles
91%
an
91%
bin
91%
Denn
91%
der
91%
Der
91%
die
91%
Die
91%
eins,
91%
eins
91%
ich
91%
Ich
91%
im
91%
ja
91%
mein
91%
nicht
91%
nichts
91%
oder
91%
Platz
91%
Und
91%
und
91%
aus
82%
Autogramme
82%
Chor
82%
Engel,
82%
es
82%
für
82%
Gott
82%
hat
82%
ist
82%
Jede
82%
jeder
82%
Jeder
82%
liebe
82%
Lied
82%
Liste
82%
meins
82%
Rampenlicht
82%
sing'
82%
singen
82%
Vor,
82%
vor
82%
zurück,
82%
zurück
82%
auch
73%
Endlich
73%
Frauen,
73%
führ'
73%
Meine
73%
mich
73%
mit
73%
Ohr
73%
Ritze
73%
Spitze
73%
Text
73%
bringen
64%
dreht
64%
Erfolg
64%
gar
64%
Gäste
64%
geht
64%
kriecht
64%
Männer
64%
mir
64%
neidisch
64%
noch
64%
Note
64%
nur
64%
Raunen
64%
richtig
64%
schauen
64%
schon
64%
sehr
64%
sich
64%
staunen
64%
um
64%
weit
64%
Welt
64%
werde
64%
werden
64%
wichtig
64%
will
64%
bald
55%
Besten
55%
dabei
55%
Durch
55%
ganze
55%
Lieder
55%
Menge
55%
sind
55%
wird
45%
No matching quizzes found
Score Distribution
Percent of People with Each Score
Percentile by Number Answered
Your Score History
You have not taken this quiz